The virtual transformation of the public sphere : (Record no. 76538)

MARC details
000 -LEADER
fixed length control field 00658nam a22001937a 4500
005 - DATE AND TIME OF LATEST TRANSACTION
control field 20131011162129.0
010 ## - LCCN (DPL NO)
LC control number ENG-107580
020 ## - INTERNATIONAL STANDARD BOOK NUMBER
International Standard Book Number 9780415811712
Terms of availability 795.00
035 ## - SYSTEM CONTROL NUMBER
System control number EN-91113
037 ## - SOURCE OF ACQUISITION
Source of stock number/acquisition DBAD/PUB
082 ## - DEWEY DECIMAL CLASSIFICATION NUMBER
Classification number 305
245 ## - TITLE STATEMENT
Title The virtual transformation of the public sphere :
Statement of responsibility, etc edited by Gaurav Desai
Remainder of title knowledge, politics, identity /
260 ## - PUBLICATION, DISTRIBUTION, ETC. (IMPRINT)
Place of publication, distribution, etc New Delhi
Name of publisher, distributor, etc Routledge
Date of publication, distribution, etc 2013
270 ## - ADDRESS
Address 912, Tolstoy House, 15-17 Tolstoy Marg, Connaught Place
City New Delhi
Postal code 110001
300 ## - PHYSICAL DESCRIPTION
Extent vi,307p.
Dimensions 23cm(Hb)
500 ## - GENERAL NOTE
General note Includes bibliographical references and index
700 ## - ADDED ENTRY--PERSONAL NAME
Personal name Desai, Gaurav
942 ## - ADDED ENTRY ELEMENTS (KOHA)
Source of classification or shelving scheme Dewey Decimal Classification
Item type English Books
Call number suffix VIR
Classification part 305
Holdings
Withdrawn status Lost status Not for loan Collection code Home library Current library Date acquired Source of acquisition Cost, normal purchase price Full call number Barcode Copy number Cost, replacement price Koha item type
    Not For Loan Non-fiction D.B.Act.Division D.B.Act.Division 10/06/2013 DBAD / PUB 795.00 305 VIR EN-91113 1 795.00 English Books

© Delhi Public Library
Hit Counter
free hit counter